Statistiche per Anno dei Mondiali o anno degli Europei?

Clicka qui per fare il quiz!

Statistiche generali

  • Questo quiz è stato fatto 27 volte
  • Il punteggio medio è 31 su 38

Statistiche sulle risposte

HintRisposta% Corretto
1988Campionato europeo di calcio
100%
1934Campionato mondiale di calcio
96%
1992Campionato europeo di calcio
91%
2000Campionato europeo di calcio
91%
2016Campionato europeo di calcio
91%
1996Campionato europeo di calcio
91%
1990Campionato mondiale di calcio
91%
2022Campionato mondiale di calcio
91%
1982Campionato mondiale di calcio
91%
2004Campionato europeo di calcio
87%
1968Campionato europeo di calcio
87%
2012Campionato europeo di calcio
87%
2010Campionato mondiale di calcio
87%
1938Campionato mondiale di calcio
87%
1976Campionato europeo di calcio
83%
2021Campionato europeo di calcio
83%
1930Campionato mondiale di calcio
83%
1978Campionato mondiale di calcio
83%
2014Campionato mondiale di calcio
83%
2018Campionato mondiale di calcio
83%
2006Campionato mondiale di calcio
83%
1994Campionato mondiale di calcio
83%
1986Campionato mondiale di calcio
83%
2008Campionato europeo di calcio
78%
1984Campionato europeo di calcio
78%
1980Campionato europeo di calcio
78%
1998Campionato mondiale di calcio
78%
2002Campionato mondiale di calcio
78%
1970Campionato mondiale di calcio
78%
1962Campionato mondiale di calcio
74%
1966Campionato mondiale di calcio
74%
1974Campionato mondiale di calcio
74%
1950Campionato mondiale di calcio
70%
1960Campionato europeo di calcio
65%
1972Campionato europeo di calcio
65%
1964Campionato europeo di calcio
65%
1954Campionato mondiale di calcio
65%
1958Campionato mondiale di calcio
61%

Distribuzione punteggi

Percentile per numero di risposta

Percentuale di utenti per punteggio

I tuoi punteggi nel tempo

Non hai fatto questo quiz